00856nam a2200181 4500008004100000020001800041050002000059100002300079240003700102245007700139260004600216300003100262500016300293505013000456650002900586650002500615700003400640180704s2011 a|||| |||| 00| 0 spa d a978849281026004aTK5105.888bP561 aPipes, Alaneautor aHow to design websiteslinglés10aDiseño de sitios webc/ Alan Pipes, traducción de Jesus de Cos Pinto aBarcelona, Españab: Promopressc, 2011 a168 páginasb: ilustrado aIncluye: Glosario p.158, Libros p.162, Sitios Web p.162, Propiedades CSS p.164, Etiquetas HTML/XHTML p.165, Índice p.166, Créditos de las imágenes p.168 aIntroducción y antecedentes Códigos Maquetación Texto y tipografía Imágenes y esquemas de color Valores añadidos 14aDESARROLLO DE SITIOS WEB24aSITIOS WEBxDISEÑO1 aCos Pinto, Jesúsetraductor